| 000 | 00337nam a22001457a 4500 | ||
|---|---|---|---|
| 003 | SGT | ||
| 082 |
_a616.01 _bA16K |
||
| 100 | _aKAPIL, ARTI | ||
| 245 | _aANANTHANARAYAN & PANEKAR'S TB. OF MICROBIOLOGY | ||
| 250 | _a9TH | ||
| 260 |
_aINDIA _bUNIVERSITY PRESS _c2016 |
||
| 300 | _a710 | ||
| 650 | _aMICROBIOLOGY | ||
| 942 |
_2ddc _cBK _032 |
||
| 999 |
_c10598 _d10598 |
||